1370 1973 1333 1419 1205 1656 1436 1011 1182 1109 1118 1487 1512 1452 1240 1459 1308 1718 1392 1158 1366 1315 1184 1654 1625 1292 1215 1489 1030 1158 1712 1881 1048 1661 1735 1038 1635 1903 1681 1185 1319 1049 1257 1262 1479 1559 1038 1210 1037 1529 1690 1874 1921 1143 1332 1907 1807 1187 1494 1352 1871 1164 1350 1997 1244 1160 1092 1259 1810 1615 1732 1794 1478 1603 1430 1946 1866 1211 1484 1604 1733 1663 1797 1840 1324 1748 1978 1595 1523 1428 1152 1254 1484 1234 1673 1696 1601 1232 1279 BCNSPRNW ULIB Ver.6.0+V

เปลี่ยนเป็นภาษาไทย

Change to English
 แสดงรายละเอียดบรรณานุกรม
  กลับหน้าหลัก

Brief Record : Get Marc (ISO 2709) : E-mail record : QR code < ปิดหน้าต่าง
LEADER : 00000nam 2200000uu 4500
001    13399113358
003     ULIB
008    111108s2549||||th 000 0 tha d
060  4 QY95^bส721ซ ล.2 2549
245 00 เซลล์ชีววิทยาทางการแพทย์ 2:กลไกการทำงานของเซลล์และเนื้อเยื่อ /^cบรรณาธิการ, สิทธิศักดิ์หรรษาเวก, ชัยวัฒน์ สว่างคง
260    กรุงเทพฯ :^bภาควิชาชีวเคมี คณะแพทยศาสตร์จุฬาลงกรณ์มหาวิทยาลัย,^c2549
300    2 เล่ม :^bภาพประกอบ ;^c29 ซม.
650  7 ชีววิทยา
650  7 เซลล์
650  7 ชีวโมเลกุล
700 0  สิทธิศักดิ์ หรรษาเวก,^eบรรณาธิการ
700 0  ชัยวัฒน์ สว่างคง,^eบรรณาธิการ
710 2  จุฬาลงกรณ์มหาวิทยาลัย. ^bคณะแพทยศาสตร์. ^bภาควิชาชีวเคมี
945    ^p350^l0^i24820
995     กัณชพร
999    ^aใช้งานได้ทุกระบบ
รายการนี้ยังไม่มีแท็ก
คุณยังไม่ได้ล็อกอิน คุณสามารถมีกิจกรรมร่วมกับเว็บไซต์ได้ แต่ต้องล็อกอินก่อน ::
  ล็อกอิน

รายการสื่อสารสนเทศ

ลำดับที่ ประเภท เลขเรียก/บาร์โค้ด สถานที่ สถานะ
- ไม่พบข้อมูล -

รายการใกล้เคียง
    หัวเรื่อง [ชีววิทยา]
    หัวเรื่อง [เซลล์]
    หัวเรื่อง [ชีวโมเลกุล]

BibComment


ยังไม่เคยถูกคอมเมนท์

คอมเมนท์ทรัพยากรรายการนี้
  คอมเมนท์: เซลล์ชีววิทยาทางก..


 Copyright 2026. Bcnsprnw @Library